Visions of mind : Architectures for cognition and effect
Wedi'i Gadw mewn:
| Prif Awdur: | |
|---|---|
| Fformat: | Llyfr |
| Iaith: | Undetermined |
| Cyhoeddwyd: |
Hersley, PA
INFOSCI
2004
|
| Pynciau: | |
| Tagiau: |
Ychwanegu Tag
Dim Tagiau, Byddwch y cyntaf i dagio'r cofnod hwn!
|
| Thư viện lưu trữ: | Trung tâm Học liệu Trường Đại học Cần Thơ |
|---|
| LEADER | 00534nam a2200193Ia 4500 | ||
|---|---|---|---|
| 001 | CTU_102865 | ||
| 008 | 210402s9999 xx 000 0 und d | ||
| 082 | |a 006.3 | ||
| 082 | |b D261 | ||
| 100 | |a Davis, Darryl N. | ||
| 245 | 0 | |a Visions of mind : | |
| 245 | 0 | |b Architectures for cognition and effect | |
| 245 | 0 | |c Darryl N. Davis | |
| 260 | |a Hersley, PA | ||
| 260 | |b INFOSCI | ||
| 260 | |c 2004 | ||
| 650 | |a Artificial intelligence,Cognitive science | ||
| 904 | |i Minh | ||
| 980 | |a Trung tâm Học liệu Trường Đại học Cần Thơ | ||